| 000 | 01329nam a22001937a 4500 | ||
|---|---|---|---|
| 003 | 0 | ||
| 005 | 20241029094811.0 | ||
| 008 | 241029b xxu||||| |||| 00| 0 eng d | ||
| 020 | _a9781984819345 | ||
| 050 |
_aPR 6111 _b.K18 2018 |
||
| 100 |
_aKara, Lesley, _eauthor. |
||
| 245 |
_aThe rumor : _ba novel / _cLesley Kara. |
||
| 260 |
_aNew York, NY : _bBallantine Books, _c2018. |
||
| 300 |
_a321 p. ; _c21 cm. |
||
| 520 | _a"When a single mother hears a rumor outside her son's school, she never intends to pass it on. But one casual comment leads to another . . . and now there's no going back. Rumor has it that a notorious killer, a woman who has been released from prison years after her brutal crime, is living under a new identity in Joanna's seaside town. So who is the supposedly reformed murderer now living in their neighborhood? Suspicion falls on everyone. As Joanna becomes obsessed with the case, her curiosity will expose her son and his father to a heartless psychopath who has killed--and may kill again. And she will learn how dangerous one rumor can become . . . and just how far she must go to protect those she loves from harm. She is going to regret the day she ever said a word . . . "--Provided by publisher. | ||
| 650 |
_aSuspense _vFiction. |
||
| 650 |
_aContemporary Women _vFiction. |
||
| 942 |
_2lcc _cBK |
||
| 999 |
_c366649 _d366649 |
||